000 00613cam a2200217 4500500
005 20260329003647.0
041 _afre
042 _adc
100 1 0 _aEltchaninoff, Michel
_eauthor
245 0 0 _aLa surenchère du moment magique
260 _c2016.
500 _a43
690 _aHegel
690 _aInstant
690 _aLucrèce
690 _aPrésent
690 _aTemps
690 _aWittgenstein
786 0 _nPhilosophie magazine | 101 | 7 | 2016-07-01 | p. 31-31 | 1951-1787
856 4 1 _uhttps://shs.cairn.info/magazine-philosophie-magazine-2016-7-page-31?lang=fr&redirect-ssocas=7080
999 _c1826509
_d1826509